000 00357nam a22001217a 4500
040 _cSY
082 _a593
100 _aសុក គន្ធី
245 _aការប្រតិបត្តិនិងឧបករណ៍ក្រោយការប្រមូលផលស្រូវ
260 _aRUA
_bសុក
_c2007
300 _a44p.
942 _cKB
999 _c9794
_d9794